00450nam a2200121Ia 4500008004100000245013500041260003500176260000900211300000800220500002100228650001300249856006600262170516s9999 xx 000 0 und d aFormulation and evaluation of floating matrix tablets of diltiazem hydrochloride Vinay D Gaikwad, Vishal D Yadav, Prakash D Jadhav bAsian Journal of Pharmaceutics c2012 a6:4 aOctober-November xPharmacy uhttp://www.asiapharmaceutics.info/index.php/ajp/issue/view/30